Normal view
MARC view
Entry Personal Name
001 - CONTROL NUMBER
- control field: 1237705
003 - CONTROL NUMBER IDENTIFIER
- control field: OSt
005 - DATE AND TIME OF LATEST TRANSACTION
- control field: 20260430150515.0
008 - FIXED-LENGTH DATA ELEMENTS
- fixed length control field: 260430|| aca||aabn | a|a d
040 ## - CATALOGING SOURCE
- Original cataloging agency: OSt
- Transcribing agency: OSt
100 ## - HEADING--PERSONAL NAME
- Personal name: Jyoti Au.; Shrivasatava Anju Gu.; Agrawal Namita Gu
670 ## - SOURCE DATA FOUND
- Source citation: Work cat.: (OSt)1849946: Jyoti Au.; Shrivasatava Anju Gu.; Agrawal Namita Gu., Study of Immune Response in Huntington’s Disease Using Transgenic Drosophila as a Model, 2023
